[Event "Junior Online 4NCL Division 2"]
[Site "online"]
[Date "2020.06.04"]
[Round "8.23"]
[White "Molostvov, Dmitry M"]
[Black "Tempany, Max"]
[Result "1-0"]
[WhiteElo "1592"]
[BlackElo "1551"]
[PlyCount "81"]
[EventDate "2020.06.04"]
[WhiteTeam "Brentwood 1"]
[BlackTeam "Gonzaga College SJ B"]

1. d4 Nf6 2. c4 g6 3. Nc3 d5 4. cxd5 Nxd5 5. e4 Nxc3 6. bxc3 Bg7 7. Bc4 c5 8.
Ne2 O-O 9. O-O Nc6 10. Be3 Bg4 11. f3 cxd4 12. cxd4 Bd7 13. Qd2 Rc8 14. Rac1
Na5 15. Bd3 b6 16. Bh6 Re8 17. Bxg7 Kxg7 18. Ba6 Rxc1 19. Rxc1 Qb8 20. Qc3 Kg8
21. Qc7 Qxc7 22. Rxc7 Rd8 23. Rxa7 Nc6 24. Rc7 e5 25. d5 Nd4 26. Nxd4 exd4 27.
Kf2 Be8 28. Ke2 Ra8 29. Bc4 b5 30. Bb3 h5 31. Kd3 Rb8 32. Kxd4 Rb6 33. Kc5 Rb8
34. d6 Rd8 35. e5 Rd7 36. Rxd7 Bxd7 37. Bd5 Kf8 38. Bc6 Be6 39. Bxb5 Bxa2 40.
Kc6 Be6 41. Kc7 1-0

[Event "Junior Online 4NCL Division 2"]
[Site "online"]
[Date "2020.06.04"]
[Round "8.24"]
[White "Hunter, Sean"]
[Black "Horton, Jake H"]
[Result "1-0"]
[WhiteElo "1582"]
[BlackElo "1435"]
[PlyCount "103"]
[EventDate "2020.06.04"]
[WhiteTeam "Gonzaga College SJ B"]
[BlackTeam "Brentwood 1"]

1. e4 e5 2. Nf3 Nc6 3. Bc4 Bc5 4. d3 Nf6 5. Nc3 d6 6. O-O Bg4 7. Be3 Bd4 8. Qe2
h5 9. h3 Bxc3 10. bxc3 Na5 11. Bb3 Nxb3 12. axb3 Be6 13. Bg5 Qd7 14. d4 exd4
15. cxd4 c6 16. d5 Bxh3 17. gxh3 Qxh3 18. Nh2 h4 19. Bxf6 gxf6 20. Kh1 Rg8 21.
Rg1 O-O-O 22. dxc6 Rxg1+ 23. Rxg1 bxc6 24. Qg4+ Qxg4 25. Rxg4 h3 26. Rf4 Kc7
27. Rxf6 Rd7 28. Nf3 Re7 29. Ng5 a6 30. Rxf7 Rxf7 31. Nxf7 Kd7 32. Kh2 Ke6 33.
Ng5+ Ke5 34. Kxh3 Kf4 35. Kh4 d5 36. exd5 cxd5 37. Ne6+ Kf3 38. Nc5 a5 39. Nd3
d4 40. Kg5 Ke4 41. Kg4 Kd5 42. Kf4 Kc6 43. Ke4 a4 44. bxa4 Kb6 45. f4 Ka5 46.
f5 Kxa4 47. Kxd4 Ka3 48. f6 Ka2 49. f7 Ka1 50. f8=Q Kb1 51. Qb8+ Ka1 52. Qb2#
1-0

[Event "Junior Online 4NCL Division 2"]
[Site "online"]
[Date "2020.06.04"]
[Round "8.25"]
[White "McGlade, Emmet"]
[Black "Pert, Nina"]
[Result "0-1"]
[WhiteElo "1625"]
[BlackElo "1772"]
[PlyCount "56"]
[EventDate "2020.06.04"]
[WhiteTeam "Gonzaga College SJ B"]
[BlackTeam "Brentwood 1"]

1. e4 c6 2. d4 d5 3. Nc3 dxe4 4. Nxe4 Nf6 5. Nxf6+ exf6 6. c3 Bd6 7. Bd3 O-O 8.
Qc2 Re8+ 9. Ne2 h5 10. O-O h4 11. Bf4 Bxf4 12. Nxf4 Nd7 13. h3 Nf8 14. Rae1
Rxe1 15. Rxe1 Qd6 16. Qd2 Bd7 17. d5 Rd8 18. Bc2 cxd5 19. Bb3 Bc6 20. Qe3 Re8
21. Qd2 Rxe1+ 22. Qxe1 Qxf4 23. Qd1 Qg5 24. Qd4 Ne6 25. Qxa7 d4 26. Qb8+ Kh7
27. Bc2+ f5 28. Qe5 Qxg2# 0-1

[Event "Junior Online 4NCL Division 2"]
[Site "online"]
[Date "2020.06.04"]
[Round "8.26"]
[White "Pert, Max"]
[Black "O'laoide, Liam"]
[Result "0-1"]
[WhiteElo "1727"]
[BlackElo "1585"]
[PlyCount "66"]
[EventDate "2020.06.04"]
[WhiteTeam "Brentwood 1"]
[BlackTeam "Gonzaga College SJ B"]

1. e4 c6 2. d4 d5 3. exd5 cxd5 4. c4 Nf6 5. Nc3 e6 6. Bg5 Be7 7. Nf3 Nc6 8.
cxd5 Nxd5 9. Bxe7 Ncxe7 10. Bc4 O-O 11. Nxd5 Nxd5 12. O-O b6 13. Bd3 Nf6 14.
Re1 Bb7 15. h3 Bxf3 16. Qxf3 Qxd4 17. Rad1 Qxb2 18. Re2 Qb4 19. a3 Qe7 20. Rde1
Rad8 21. Bb1 Rd6 22. Re5 Rfd8 23. Qg3 Rd1 24. Rxd1 Rxd1+ 25. Kh2 Rxb1 26. Qd3
Rc1 27. Qf3 Rc8 28. Kg1 h6 29. Qe2 Rc1+ 30. Kh2 Qc7 31. f4 Rc2 32. Qf3 Rc3 33.
Qf2 Rxa3 0-1

[Event "Junior Online 4NCL Division 2"]
[Site "online"]
[Date "2020.06.04"]
[Round "8.27"]
[White "Tempany, Max"]
[Black "Molostvov, Dmitry M"]
[Result "0-1"]
[WhiteElo "1551"]
[BlackElo "1592"]
[PlyCount "42"]
[EventDate "2020.06.04"]
[WhiteTeam "Gonzaga College SJ B"]
[BlackTeam "Brentwood 1"]

1. e4 c5 2. Nf3 Nc6 3. d4 cxd4 4. Nxd4 Nf6 5. c4 Nxe4 6. Qf3 Nxd4 7. Qxe4 Nc6
8. Nc3 e6 9. Be2 Bb4 10. Bd2 O-O 11. O-O d5 12. cxd5 exd5 13. Qd3 d4 14. Ne4
Bxd2 15. Nxd2 Re8 16. Rfe1 Qf6 17. Bf3 Bf5 18. Be4 Bxe4 19. Nxe4 Qg6 20. Rad1
Rad8 21. Ng3 Rxe1+ 0-1

[Event "Junior Online 4NCL Division 2"]
[Site "online"]
[Date "2020.06.04"]
[Round "8.28"]
[White "Horton, Jake H"]
[Black "Hunter, Sean"]
[Result "0-1"]
[WhiteElo "1435"]
[BlackElo "1582"]
[PlyCount "170"]
[EventDate "2020.06.04"]
[WhiteTeam "Brentwood 1"]
[BlackTeam "Gonzaga College SJ B"]

1. e4 e5 2. Nf3 Nc6 3. Bc4 Bc5 4. d3 d6 5. Nc3 Be6 6. Bb5 h6 7. d4 exd4 8. Nxd4
Bxd4 9. Qxd4 Nf6 10. Nd5 a6 11. Bxc6+ bxc6 12. Nxf6+ Qxf6 13. Qxf6 gxf6 14. Bd2
f5 15. Bc3 Rg8 16. exf5 Bxf5 17. O-O Kd7 18. Rfc1 Rae8 19. Bd2 h5 20. c3 Bh3
21. g3 Re2 22. Rd1 Rg6 23. Rab1 Bf5 24. Ra1 Bc2 25. Kf1 Bxd1 26. Rxd1 Re4 27.
b3 Rge6 28. Re1 Rxe1+ 29. Bxe1 d5 30. Bd2 Re4 31. a3 Ke6 32. f3 Re5 33. Kf2 Kd7
34. Bf4 Re6 35. h3 c5 36. Be3 Kc6 37. Bf4 f5 38. Be3 Kb5 39. a4+ Kc6 40. g4
fxg4 41. hxg4 hxg4 42. fxg4 Re4 43. Kf3 Re6 44. Kf4 c4 45. b4 Re4+ 46. Kf3 Kd7
47. Bd4 c6 48. Kg3 Ke6 49. Kh4 Kf7 50. Kg5 Kg8 51. Kf5 Re2 52. Kf4 Kh7 53. Kf3
Re4 54. Kg3 Kg6 55. Kh4 Re2 56. Kg3 Re4 57. Kf3 Kg5 58. Be3+ Kf6 59. Bd4+ Kg6
60. Bc5 Re1 61. Bd4 Rd1 62. a5 Rd3+ 63. Kf4 Rxd4+ 64. cxd4 c3 65. Ke3 c2 66.
Kd2 c1=Q+ 67. Kxc1 Kg5 68. Kc2 Kxg4 69. Kd2 Kf4 70. Kd3 Kf3 71. Kd2 Ke4 72. Kc3
Ke3 73. b5 cxb5 74. Kb4 Kxd4 75. Kb3 Kd3 76. Kb4 d4 77. Kc5 Kc3 78. Kb6 Kb4 79.
Kxa6 d3 80. Kb6 d2 81. a6 d1=Q 82. a7 Qa1 83. Kb7 Kc4 84. a8=Q Qxa8+ 85. Kxa8
b4 0-1

[Event "Junior Online 4NCL Division 2"]
[Site "online"]
[Date "2020.06.04"]
[Round "8.31"]
[White "Volovich, Julia"]
[Black "Merriman, James"]
[Result "1-0"]
[WhiteElo "1892"]
[BlackElo "1967"]
[PlyCount "73"]
[EventDate "2020.06.04"]
[WhiteTeam "Cambridge Chess & Go A"]
[BlackTeam "KJCA Young Kestrels B"]

1. d4 Nf6 2. c4 e6 3. Nc3 Bb4 4. Qc2 d5 5. a3 Bxc3+ 6. Qxc3 Ne4 7. Qc2 c5 8.
dxc5 Nc6 9. e3 Qa5+ 10. Bd2 Qxc5 11. b4 Qe7 12. Nf3 Qf6 13. Rb1 Ne5 14. Nxe5
Qxe5 15. cxd5 O-O 16. Bd3 exd5 17. Bxe4 dxe4 18. O-O Bg4 19. h3 Be2 20. Bc3 Qb5
21. Qxe4 Bxf1 22. Rxf1 Rac8 23. Bd4 a6 24. f4 Rc6 25. f5 Qe2 26. f6 g6 27. Bc5
Rfc8 28. Rf3 Qe1+ 29. Kh2 Kh8 30. Qf4 Rg8 31. Qh6 Rcc8 32. Rf4 Rxc5 33. bxc5
Qxe3 34. Qg5 Qe6 35. Rh4 Qc6 36. Rxh7+ Kxh7 37. Qh4# 1-0

[Event "Junior Online 4NCL Division 2"]
[Site "online"]
[Date "2020.06.04"]
[Round "8.32"]
[White "Bansal, Saahil"]
[Black "Linton, Alexander"]
[Result "1-0"]
[WhiteElo "1915"]
[BlackElo "1607"]
[PlyCount "99"]
[EventDate "2020.06.04"]
[WhiteTeam "KJCA Young Kestrels B"]
[BlackTeam "Cambridge Chess & Go A"]

1. d4 Nf6 2. c4 g6 3. Nc3 Bg7 4. g3 d6 5. Bg2 c6 6. Nf3 Nbd7 7. O-O O-O 8. b3
e5 9. d5 cxd5 10. cxd5 Nc5 11. Nd2 b6 12. b4 Ncd7 13. Bb2 Bb7 14. Qb3 Ne8 15.
Nc4 f5 16. e4 fxe4 17. Nxe4 Bxd5 18. Nexd6 Nxd6 19. Bxd5+ Nf7 20. Bxa8 Qxa8 21.
Nd6 Qc6 22. Nxf7 Rxf7 23. Rac1 Qb7 24. f4 Kf8 25. fxe5 Nxe5 26. Rxf7+ Nxf7 27.
Bxg7+ Kxg7 28. Qc3+ Kh6 29. Qe3+ Kg7 30. Rf1 Qd5 31. Qc3+ Kg8 32. Re1 Ng5 33.
Qc8+ Kg7 34. Re7+ Kh6 35. Qf8+ Kh5 36. Qf6 Nh3+ 37. Kf1 Qh1+ 38. Ke2 Qxh2+ 39.
Kd1 Nf2+ 40. Ke1 Nd3+ 41. Kf1 Qh1+ 42. Ke2 Qe1+ 43. Kxd3 Qd1+ 44. Kc4 Qc2+ 45.
Kb5 Qd3+ 46. Kc6 Qc4+ 47. Kb7 Qd5+ 48. Kxa7 Qxa2+ 49. Kxb6 Qb3 50. Qh4# 1-0

[Event "Junior Online 4NCL Division 2"]
[Site "online"]
[Date "2020.06.04"]
[Round "8.33"]
[White "Xu, Albert"]
[Black "Moore, Eoin"]
[Result "0-1"]
[WhiteElo "1450"]
[BlackElo "1735"]
[PlyCount "110"]
[EventDate "2020.06.04"]
[WhiteTeam "Cambridge Chess & Go A"]
[BlackTeam "KJCA Young Kestrels B"]

1. e4 e6 2. d4 d5 3. exd5 exd5 4. Bd3 Bd6 5. Ne2 c6 6. c3 Nf6 7. Bg5 Bg4 8. f3
Bh5 9. b4 Nbd7 10. a4 O-O 11. Qc2 Bg6 12. Nd2 Qc7 13. O-O-O a5 14. b5 cxb5 15.
Bxb5 Bxc2 16. Kxc2 h6 17. Bh4 Rac8 18. Rb1 Rfe8 19. Rb3 g5 20. Bf2 Re7 21. Kb2
Nb6 22. Ng3 Nc4+ 23. Bxc4 dxc4 24. Rb5 Bf4 25. Nde4 Nxe4 26. fxe4 Bxg3 27. Bxg3
Qd7 28. e5 f6 29. Rf1 fxe5 30. Bxe5 Qg4 31. Rf2 Rf8 32. Rxf8+ Kxf8 33. Bd6 Qe2+
34. Ka3 Kg8 35. Bxe7 Qxe7+ 36. Ka2 Qe2+ 37. Rb2 Qd3 38. Rxb7 Qc2+ 39. Rb2 Qxa4+
40. Kb1 Qd1+ 41. Ka2 Qd3 42. Rb8+ Kg7 43. Rb7+ Kg6 44. Rb6+ Kh5 45. h3 Qc2+ 46.
Rb2 Qxc3 47. g4+ Kh4 48. Rb6 Qxd4 49. Rxh6+ Kg3 50. Ra6 Qd2+ 51. Ka3 Qb4+ 52.
Ka2 c3 53. Rb6 Qxb6 54. Ka3 Qb4+ 55. Ka2 Qb2# 0-1

[Event "Junior Online 4NCL Division 2"]
[Site "online"]
[Date "2020.06.04"]
[Round "8.34"]
[White "Dorman, Orla"]
[Black "Volovich, Andrew"]
[Result "1-0"]
[WhiteElo "1660"]
[BlackElo "1480"]
[PlyCount "117"]
[EventDate "2020.06.04"]
[WhiteTeam "KJCA Young Kestrels B"]
[BlackTeam "Cambridge Chess & Go A"]

1. e4 e6 2. d4 d5 3. Nd2 c5 4. exd5 exd5 5. Ngf3 Nc6 6. Be2 Nf6 7. O-O cxd4 8.
Nb3 Qb6 9. Nbxd4 Nxd4 10. Qxd4 Qxd4 11. Nxd4 Bc5 12. Bb5+ Bd7 13. Re1+ Ne4 14.
Bxd7+ Kxd7 15. Be3 Rac8 16. c3 Rhe8 17. Nf5 g6 18. Bxc5 Nxc5 19. Ne3 Kc6 20.
Rad1 Rcd8 21. g3 Na4 22. Rb1 Nc5 23. Red1 Na4 24. Nc2 Re2 25. Nd4+ Kb6 26. Nxe2
Re8 27. Nf4 Kc6 28. Nxd5 Re2 29. b3 Nc5 30. Nb4+ Kb5 31. Re1 Rd2 32. Rbd1 Rb2
33. Nd3 Rxa2 34. Nxc5 Kxc5 35. Re7 Kc6 36. Rdd7 Ra1+ 37. Kg2 b6 38. Rxa7 Rb1
39. b4 Kb5 40. Rxf7 Rc1 41. Rf3 h5 42. Rg7 Kc4 43. Rxg6 Rxc3 44. Rxc3+ Kxc3 45.
Rxb6 Kc4 46. Rh6 Kxb4 47. Rxh5 Kc4 48. Rg5 Kd4 49. f4 Ke4 50. h4 Ke3 51. h5 Kd3
52. h6 Kd2 53. h7 Ke2 54. h8=Q Kd3 55. Qd8+ Kc4 56. Rg7 Kb5 57. Rc7 Kb6 58.
Qb8+ Ka5 59. Ra7# 1-0

[Event "Junior Online 4NCL Division 2"]
[Site "online"]
[Date "2020.06.04"]
[Round "8.35"]
[White "Merriman, James"]
[Black "Volovich, Julia"]
[Result "0-1"]
[WhiteElo "1967"]
[BlackElo "1892"]
[PlyCount "124"]
[EventDate "2020.06.04"]
[WhiteTeam "KJCA Young Kestrels B"]
[BlackTeam "Cambridge Chess & Go A"]

1. d4 Nf6 2. c4 g6 3. Nc3 d5 4. Nf3 Bg7 5. h4 dxc4 6. e4 c5 7. d5 b5 8. h5 Nxh5
9. Nxb5 O-O 10. Bxc4 Bg4 11. O-O Nd7 12. Be2 Qb6 13. Na3 Rab8 14. Nc4 Qc7 15.
Ne3 Ne5 16. Nxe5 Bxe2 17. Qxe2 Bxe5 18. Nc4 Bd4 19. Bh6 Rfd8 20. Rac1 Ng3 21.
Qc2 Nxf1 22. Rxf1 Rb5 23. Be3 e5 24. b3 f6 25. g3 Rb4 26. Bd2 Rb5 27. a4 Rbb8
28. Ba5 Qd7 29. Bxd8 Qxd8 30. Kg2 Rb4 31. Rh1 Qb8 32. Qd2 Rxb3 33. Qh6 Rb7 34.
Na5 Rd7 35. Nc6 Qb2 36. Rf1 Qe2 37. Qh4 g5 38. Qh3 Qxe4+ 39. f3 Qxd5 40. Nxd4
cxd4 41. Qf5 d3 42. Rd1 e4 43. Qxd5+ Rxd5 44. fxe4 Rd4 45. Kf3 Kf7 46. a5 Ke6
47. Rb1 d2 48. Rd1 Ke5 49. g4 a6 50. Ke3 h6 51. Kf3 Rd3+ 52. Ke2 Kxe4 53. Rxd2
Rxd2+ 54. Kxd2 Kf4 55. Kd3 Kxg4 56. Kd4 h5 57. Kc5 h4 58. Kb6 h3 59. Kxa6 h2
60. Kb6 h1=Q 61. a6 Qa8 62. a7 Kf4 0-1

[Event "Junior Online 4NCL Division 2"]
[Site "online"]
[Date "2020.06.04"]
[Round "8.36"]
[White "Linton, Alexander"]
[Black "Bansal, Saahil"]
[Result "0-1"]
[WhiteElo "1607"]
[BlackElo "1915"]
[PlyCount "60"]
[EventDate "2020.06.04"]
[WhiteTeam "Cambridge Chess & Go A"]
[BlackTeam "KJCA Young Kestrels B"]

1. e4 e6 2. d4 d5 3. Nd2 dxe4 4. Nxe4 Nd7 5. Nf3 Be7 6. Bd3 Ngf6 7. c3 O-O 8.
O-O c5 9. Qc2 cxd4 10. Nxd4 Nd5 11. Ng3 N7f6 12. Bg5 h6 13. Bxf6 Bxf6 14. Nh5
Bxd4 15. cxd4 Nb4 16. Bh7+ Kh8 17. Qb1 Qg5 18. Qe1 Nd5 19. Be4 Qxh5 20. Bxd5
Qxd5 21. Qc3 b6 22. Rfe1 Bb7 23. f3 Rac8 24. Qd3 Rfd8 25. Rad1 Qxa2 26. b4 Rc2
27. Qf1 Ba6 28. Rd3 Bxd3 29. Qxd3 Rxg2+ 30. Kh1 Rxh2+ 0-1

[Event "Junior Online 4NCL Division 2"]
[Site "online"]
[Date "2020.06.04"]
[Round "8.37"]
[White "Moore, Eoin"]
[Black "Xu, Albert"]
[Result "0-1"]
[WhiteElo "1735"]
[BlackElo "1450"]
[PlyCount "104"]
[EventDate "2020.06.04"]
[WhiteTeam "KJCA Young Kestrels B"]
[BlackTeam "Cambridge Chess & Go A"]

1. d4 Nf6 2. c4 e6 3. Nc3 Bb4 4. Qc2 b6 5. e4 Bb7 6. f3 O-O 7. Bd3 h6 8. Nge2
d5 9. cxd5 exd5 10. e5 Nfd7 11. O-O c5 12. a3 cxd4 13. Nb5 Bc5 14. b4 Be7 15.
Nc7 Nxe5 16. Nxa8 Bxa8 17. Nxd4 Nbc6 18. Nxc6 Nxc6 19. Bb2 a5 20. b5 Bc5+ 21.
Kh1 Ne7 22. Rad1 Qc7 23. Rfe1 Rc8 24. Qe2 Qf4 25. Qe5 Qxe5 26. Rxe5 Rd8 27. Bb1
Nc8 28. a4 Nd6 29. Ba2 Kh7 30. Bxd5 Nc4 31. Be4+ Bxe4 32. Rxd8 Nxe5 33. fxe4
Nc4 34. Bc3 Nd6 35. e5 Ne4 36. Bb2 Nf2+ 37. Kg1 Nd3+ 38. Kf1 Nxb2 39. Rd7 Kg6
40. g4 Nxa4 41. h4 Be3 42. h5+ Kh7 43. Rxf7 Nc5 44. Rf3 Bd4 45. Rf5 a4 46. e6
Nxe6 47. Rf3 Nc5 48. Ke2 Nb3 49. Kd3 a3 50. Kc2 a2 51. Rf1 a1=Q 52. Rxa1 Nxa1+
0-1

[Event "Junior Online 4NCL Division 2"]
[Site "online"]
[Date "2020.06.04"]
[Round "8.38"]
[White "Volovich, Andrew"]
[Black "Dorman, Orla"]
[Result "0-1"]
[WhiteElo "1480"]
[BlackElo "1660"]
[PlyCount "94"]
[EventDate "2020.06.04"]
[WhiteTeam "Cambridge Chess & Go A"]
[BlackTeam "KJCA Young Kestrels B"]

1. e4 e6 2. d4 d5 3. exd5 exd5 4. Bd3 Nf6 5. Nf3 Bd6 6. Qe2+ Be6 7. Ng5 Qe7 8.
O-O O-O 9. Re1 Re8 10. c3 Bd7 11. Be3 h6 12. Nf3 Ng4 13. Bd2 Qxe2 14. Rxe2 Rxe2
15. Bxe2 Nf6 16. Na3 Ne4 17. Be3 a6 18. Re1 Nc6 19. Bd3 Bxa3 20. bxa3 Nxc3 21.
Ra1 b5 22. Bd2 Na4 23. Bf4 Nb2 24. Bc2 Nc4 25. a4 Nb4 26. Bd1 c6 27. Ne1 Re8
28. Kf1 Bf5 29. a3 Nd3 30. Nxd3 Bxd3+ 31. Be2 Bxe2+ 32. Kg1 Bd3 33. axb5 axb5
34. Rd1 Nxa3 35. Bd2 Bc2 36. Rc1 Nc4 37. Bb4 Bf5 38. h3 Kh7 39. g4 Bd7 40. Ra1
f5 41. Ra7 Be6 42. gxf5 Bxf5 43. Kg2 Re6 44. Bf8 Rg6+ 45. Kh2 Nd2 46. Bd6 Nf3+
47. Kh1 Rg1# 0-1

[Event "Junior Online 4NCL Division 2"]
[Site "online"]
[Date "2020.06.04"]
[Round "8.41"]
[White "Auchi, Nadhmi"]
[Black "Pal, Rohan"]
[Result "1/2-1/2"]
[WhiteElo "1922"]
[BlackElo "1772"]
[PlyCount "119"]
[EventDate "2020.06.04"]
[WhiteTeam "Hammersmith 1"]
[BlackTeam "Hallfield School A"]

1. e4 e5 2. Nf3 Nc6 3. d4 exd4 4. Nxd4 Bb4+ 5. c3 Bc5 6. Nb3 Bb6 7. Bc4 Nf6 8.
Qe2 d6 9. Be3 O-O 10. f3 Re8 11. N1d2 d5 12. Bxb6 axb6 13. Bd3 dxe4 14. Nxe4
Nxe4 15. fxe4 Ne5 16. Bc2 Bg4 17. Qe3 Nc4 18. Qf4 Bh5 19. O-O Bg6 20. Rad1 Qe7
21. Nd4 Rxa2 22. Bb3 Nxb2 23. Bxa2 Nxd1 24. Rxd1 Qxe4 25. Qxe4 Bxe4 26. Re1 Bc6
27. Rxe8+ Bxe8 28. Kf2 Kf8 29. Ke3 Ke7 30. Nf5+ Kf6 31. Kf4 g5+ 32. Kg4 h5+ 33.
Kxh5 Kxf5 34. Bb1+ Kf6 35. g3 Bd7 36. h4 gxh4 37. gxh4 Kg7 38. Kg5 Be6 39. h5
c6 40. h6+ Kg8 41. Kf6 b5 42. Bd3 Bc4 43. Bc2 c5 44. Ke5 b4 45. cxb4 cxb4 46.
Kd4 b5 47. Kc5 b3 48. Bb1 Be6 49. Kxb5 f5 50. Kc5 Kh7 51. Kd6 Bf7 52. Bxf5+ Bg6
53. Be6 b2 54. Ba2 Kxh6 55. Kc5 Bf7 56. Bb1 Kg5 57. Kd4 Bg6 58. Ba2 Kf4 59. Kc3
b1=Q 60. Bxb1 1/2-1/2

[Event "Junior Online 4NCL Division 2"]
[Site "online"]
[Date "2020.06.04"]
[Round "8.42"]
[White "Monga, Kanav"]
[Black "McBrinn, Conall"]
[Result "1/2-1/2"]
[WhiteElo "1645"]
[BlackElo "1667"]
[PlyCount "78"]
[EventDate "2020.06.04"]
[WhiteTeam "Hallfield School A"]
[BlackTeam "Hammersmith 1"]

1. d4 d5 2. Bf4 c5 3. e3 Nc6 4. c3 Qb6 5. Qb3 Bf5 6. Nd2 c4 7. Qxb6 axb6 8.
Ngf3 e6 9. Be2 Be7 10. O-O Nf6 11. b3 b5 12. Nh4 Be4 13. bxc4 bxc4 14. f3 Bc2
15. Rfc1 Bg6 16. Nxg6 hxg6 17. Rcb1 Na5 18. Bc7 Bd8 19. Be5 O-O 20. Bd1 Be7 21.
Bc7 Bd8 22. Be5 Re8 23. Rb5 b6 24. Rbb1 Nd7 25. a4 Nxe5 26. dxe5 Bc7 27. f4
Reb8 28. e4 Nc6 29. Bf3 Rd8 30. exd5 exd5 31. Nxc4 dxc4 32. Bxc6 Rac8 33. Bf3
Rd3 34. Rc1 g5 35. Be2 Re3 36. Bxc4 Bxe5 37. Bxf7+ Kxf7 38. fxe5 Rxe5 39. Rab1
Rc6 1/2-1/2

[Event "Junior Online 4NCL Division 2"]
[Site "online"]
[Date "2020.06.04"]
[Round "8.43"]
[White "Auchi, Taymour"]
[Black "Amir, Zain"]
[Result "0-1"]
[WhiteElo "1570"]
[BlackElo "1562"]
[PlyCount "152"]
[EventDate "2020.06.04"]
[WhiteTeam "Hammersmith 1"]
[BlackTeam "Hallfield School A"]

1. e4 Nc6 2. Nc3 e6 3. d4 Bb4 4. Nf3 Nf6 5. Bd3 h6 6. O-O Bxc3 7. bxc3 O-O 8.
e5 Nd5 9. Bb2 b6 10. Qe2 Nf4 11. Qe4 Nxd3 12. Qxd3 Bb7 13. Rad1 Ne7 14. Ba3 Re8
15. c4 Nc6 16. Rfe1 f6 17. h3 Kh8 18. Qg6 fxe5 19. Nxe5 Nxe5 20. dxe5 Bc6 21.
Re3 Qg5 22. Qxg5 hxg5 23. Rg3 Rad8 24. Rxg5 Be4 25. c3 Bc2 26. Rd4 Bb1 27. Rdg4
g6 28. Rxg6 Bxg6 29. Rxg6 Rg8 30. Rh6+ Kg7 31. Rh4 Kf7 32. Rh7+ Rg7 33. Rh4
Rdg8 34. Rf4+ Ke8 35. g3 Rh7 36. Kg2 Rf7 37. Rh4 Kd8 38. Rh5 Kc8 39. c5 bxc5
40. Bxc5 Kb7 41. Be3 a6 42. Rh4 Kc8 43. Rb4 Rff8 44. Ba7 c6 45. Rb8+ Kc7 46.
Rb4 Ra8 47. Bb6+ Kc8 48. Ba5 Rb8 49. Rd4 Rb5 50. Bb4 Rxe5 51. Rf4 Rf5 52. Rd4
Rd5 53. Rf4 Rf5 54. Rd4 c5 55. Bxc5 Rxc5 56. Rd6 Rc6 57. Rd4 Rxc3 58. Ra4 Rc6
59. Ra5 Kb7 60. g4 Rc2 61. a3 Rf8 62. Kg3 Rcxf2 63. Ra4 R2f3+ 64. Kh4 Rh8+ 65.
Kg5 Rhxh3 66. Rb4+ Ka7 67. Kg6 Rxa3 68. g5 Rhg3 69. Kh6 Ra5 70. g6 Rag5 71. Kg7
Rxg6+ 72. Kf7 R3g4 73. Ke7 Rxb4 74. Kxd7 Rb6 75. Kc8 Rg7 76. Kd8 Rb8# 0-1

[Event "Junior Online 4NCL Division 2"]
[Site "online"]
[Date "2020.06.04"]
[Round "8.44"]
[White "Pasha, Farhaan"]
[Black "Aserkoff, Daniel"]
[Result "1/2-1/2"]
[WhiteElo "1382"]
[BlackElo "1562"]
[PlyCount "133"]
[EventDate "2020.06.04"]
[WhiteTeam "Hallfield School A"]
[BlackTeam "Hammersmith 1"]

1. e4 e5 2. Nf3 Nc6 3. Bc4 Nf6 4. d3 Bc5 5. Nc3 d6 6. h3 h6 7. O-O Be6 8. Bb3
Qd7 9. Be3 Bb6 10. Qe2 O-O 11. Rad1 Rad8 12. d4 Bxb3 13. axb3 exd4 14. Bxd4
Nxd4 15. Nxd4 Bxd4 16. Rxd4 Rfe8 17. f3 Qc6 18. Rc4 Qb6+ 19. Qf2 Qxf2+ 20. Rxf2
c6 21. Rd2 d5 22. Rcd4 c5 23. R4d3 d4 24. Nb5 a6 25. Na3 b5 26. c3 Kf8 27. cxd4
cxd4 28. Rxd4 Rxd4 29. Rxd4 Re7 30. Rd8+ Re8 31. Rxe8+ Kxe8 32. Kf2 Kd7 33. Ke3
Ke6 34. Kd4 Nd7 35. f4 f6 36. Nc2 a5 37. Ne3 Kd6 38. Nf5+ Kc6 39. Nxg7 Nc5 40.
Kc3 Nxe4+ 41. Kc2 Kd5 42. Nf5 h5 43. g4 hxg4 44. Ne3+ Ke6 45. hxg4 Kf7 46. f5
Kg7 47. Kb1 Kh6 48. Ka2 Kg5 49. Ka3 Nf2 50. b4 a4 51. b3 axb3 52. Kxb3 Nxg4 53.
Nd5 Kxf5 54. Nc7 Ke5 55. Nxb5 f5 56. Nc3 f4 57. Nd1 Ne3 58. Nf2 f3 59. Kc3 Nd5+
60. Kc4 Nxb4 61. Kxb4 Kf4 62. Kc4 Ke3 63. Nh3 Ke2 64. Kd4 Kf1 65. Ke3 Kg2 66.
Kf4 Kxh3 67. Kxf3 1/2-1/2

[Event "Junior Online 4NCL Division 2"]
[Site "online"]
[Date "2020.06.04"]
[Round "8.45"]
[White "Pal, Rohan"]
[Black "Auchi, Nadhmi"]
[Result "0-1"]
[WhiteElo "1772"]
[BlackElo "1922"]
[PlyCount "138"]
[EventDate "2020.06.04"]
[WhiteTeam "Hallfield School A"]
[BlackTeam "Hammersmith 1"]

1. e4 e6 2. d4 d5 3. Nc3 Bb4 4. Bd3 dxe4 5. Bxe4 Nf6 6. Bf3 O-O 7. Nge2 e5 8.
dxe5 Qxd1+ 9. Kxd1 Rd8+ 10. Ke1 Ng4 11. e6 Bxe6 12. Bxb7 Bd5 13. Bxa8 Bxa8 14.
f3 Ne5 15. b3 Nxf3+ 16. gxf3 Bxf3 17. Rf1 Bxe2 18. Kxe2 Bxc3 19. Rb1 Nc6 20.
Be3 Re8 21. Kd3 Bf6 22. Rbe1 Nb4+ 23. Kd2 Rd8+ 24. Ke2 Nxc2 25. Rc1 Nxe3 26.
Rxf6 gxf6 27. Kxe3 Rd7 28. Rf1 Re7+ 29. Kd2 Re6 30. Rc1 c6 31. Rc5 Kf8 32. Ra5
Rd6+ 33. Kc3 Rd7 34. Rf5 Ke7 35. Rh5 Rd5 36. Rxh7 Ra5 37. a4 Re5 38. Rh8 Re3+
39. Kb4 a5+ 40. Kxa5 Rxb3 41. Rc8 Kd7 42. Rf8 Ke7 43. Rc8 Kd6 44. Rf8 Rb7 45.
Ka6 Rd7 46. h4 Ke7 47. Rc8 Rd4 48. Rxc6 Rxa4+ 49. Kb5 Rxh4 50. Kc5 Re4 51. Kd5
Re1 52. Rc7+ Kf8 53. Rc6 Kg7 54. Rc2 f5 55. Rg2+ Kf6 56. Kd4 f4 57. Rf2 Kf5 58.
Kd3 Kg4 59. Rg2+ Kf3 60. Rg7 f5 61. Rf7 Rd1+ 62. Kc2 Rd5 63. Re7 Kg3 64. Rg7+
Kf2 65. Re7 f3 66. Re6 Kf1 67. Re3 f2 68. Re7 Kg2 69. Rg7+ Kf3 0-1

[Event "Junior Online 4NCL Division 2"]
[Site "online"]
[Date "2020.06.04"]
[Round "8.46"]
[White "McBrinn, Conall"]
[Black "Monga, Kanav"]
[Result "0-1"]
[WhiteElo "1667"]
[BlackElo "1645"]
[PlyCount "150"]
[EventDate "2020.06.04"]
[WhiteTeam "Hammersmith 1"]
[BlackTeam "Hallfield School A"]

1. d4 d5 2. c4 e6 3. Nc3 Nf6 4. Bg5 Be7 5. Nf3 c6 6. e3 Bb4 7. Be2 Qa5 8. Qb3
Ne4 9. Rc1 dxc4 10. Qxc4 Nxg5 11. Nxg5 Bxc3+ 12. Qxc3 Qxg5 13. Bf3 Bd7 14. Qb4
Bc8 15. Rc5 Qe7 16. O-O Nd7 17. Rc4 Qxb4 18. Rxb4 Nb6 19. e4 O-O 20. Rd1 Rd8
21. Rb3 Bd7 22. d5 cxd5 23. Rbd3 Bc6 24. exd5 exd5 25. Re3 Re8 26. Red3 Rad8
27. h3 g6 28. Bg4 Nc4 29. Rb3 Ba4 30. Rxb7 Bxd1 31. Bxd1 Re1+ 32. Kh2 Rxd1 33.
Rxa7 Rd2 34. b3 Ne5 35. a4 Rxf2 36. b4 Rf6 37. b5 Nc4 38. a5 Rb8 39. b6 Nxb6
40. axb6 Rfxb6 41. Rd7 Rb5 42. Kg3 Re8 43. Kf3 Rb3+ 44. Kf2 Re5 45. Rd8+ Kg7
46. Rd7 Rb4 47. Rc7 d4 48. Rd7 Re4 49. Kf3 Re3+ 50. Kf2 Rc3 51. Ke2 d3+ 52. Kd2
Rcb3 53. Rxd3 Rxd3+ 54. Kxd3 Rb2 55. g4 Rh2 56. Ke4 Rxh3 57. Kf4 f5 58. g5 h6
59. gxh6+ Kxh6 60. Ke5 g5 61. Kxf5 Kh5 62. Ke4 g4 63. Kf4 Rf3+ 64. Ke4 Rf8 65.
Ke3 g3 66. Ke2 g2 67. Ke1 g1=Q+ 68. Ke2 Qg7 69. Ke3 Qe7+ 70. Kd3 Rd8+ 71. Kc4
Qc7+ 72. Kb5 Rb8+ 73. Ka6 Qc1 74. Ka7 Rb2 75. Ka6 Qa1# 0-1

[Event "Junior Online 4NCL Division 2"]
[Site "online"]
[Date "2020.06.04"]
[Round "8.47"]
[White "Amir, Zain"]
[Black "Auchi, Taymour"]
[Result "1-0"]
[WhiteElo "1562"]
[BlackElo "1570"]
[PlyCount "47"]
[EventDate "2020.06.04"]
[WhiteTeam "Hallfield School A"]
[BlackTeam "Hammersmith 1"]

1. c4 e5 2. Nc3 Nc6 3. g3 Bc5 4. Bg2 d6 5. e3 a6 6. Nge2 Ba7 7. O-O h5 8. d4 h4
9. dxe5 Nxe5 10. Nf4 g5 11. Nd3 Qf6 12. Nxe5 Qxe5 13. Qd5 Qe7 14. e4 Rh5 15. e5
Be6 16. Qxb7 Bxf2+ 17. Rxf2 Rd8 18. exd6 Qxd6 19. Qc6+ Qxc6 20. Bxc6+ Ke7 21.
Be3 Bxc4 22. Bc5+ Ke6 23. Re1+ Be2 24. Rexe2# 1-0